[Event "Hart House Holidays op"]
[Site "Toronto CAN"]
[Date "2014.12.20"]
[Round "2"]
[White "Lin, Tony (Juntao)"]
[Black "Krnan, Tomas"]
[Result "0-1"]
[WhiteElo "2219"]
[BlackElo "2542"]
[PlyCount "132"]
[GameId "2160767908993488"]
[EventDate "2014.12.19"]
[EventType "swiss"]
[EventRounds "5"]
[EventCountry "CAN"]

1. d4 Nf6 2. c4 g6 3. Nc3 Bg7 4. e4 d6 5. f3 O-O 6. Be3 Nc6 7. Nge2 a6 8. Qd2 Rb8 9. Rc1 Bd7 10. Nd1 e6 11. Nf2 Ne8 12. g3 f5 13. Bg2 e5 14. d5 f4 15. gxf4 exf4 16. Bxf4 Ne5 17. O-O Qf6 18. Nh1 b5 19. Bg5 Qf7 20. b3 bxc4 21. bxc4 c5 22. Nhg3 Rb4 23. a3 Nxc4 24. Qd3 Ne5 25. Qd2 Rb3 26. f4 Nd3 27. Rb1 Rxb1 28. Rxb1 c4 29. Rb7 Nc5 30. Rb4 h6 31. Bd8 Bb5 32. Bb6 Nd3 33. Rb1 Nxf4 34. Nxf4 Qxf4 35. Qxf4 Rxf4 36. Ne2 Rf7 37. Bd4 Bxd4+ 38. Nxd4 c3 39. Nxb5 axb5 40. Rc1 Rc7 41. Bf1 Rc5 42. Kf2 Nf6 43. Ke3 Ng4+ 44. Kd4 Nxh2 45. Be2 Kf7 46. e5 Ke7 47. exd6+ Kxd6 48. Rxc3 Rxd5+ 49. Ke3 h5 50. Kf4 Ng4 51. Rb3 g5+ 52. Kg3 Re5 53. Bxb5 Nf6 54. Rd3+ Kc5 55. a4 Ne4+ 56. Kf3 Nd6 57. Bd7 Re7 58. Bh3 g4+ 59. Bxg4 Rf7+ 60. Kg3 Ne4+ 61. Kh4 hxg4 62. Rd8 g3 63. Kh3 Rf2 64. Rg8 Kd4 65. a5 Ra2 66. Rf8 Rh2+ 0-1

[Event "Hart House Holidays op"]
[Site "Toronto CAN"]
[Date "2014.12.20"]
[Round "3"]
[White "Krnan, Tomas"]
[Black "Sapozhnikov, Roman"]
[Result "1-0"]
[WhiteElo "2542"]
[BlackElo "2371"]
[PlyCount "81"]
[GameId "2160767908993498"]
[EventDate "2014.12.19"]
[EventType "swiss"]
[EventRounds "5"]
[EventCountry "CAN"]
[SourceTitle "EXT 2022"]
[Source "ChessBase"]
[SourceDate "2021.10.06"]
[SourceVersion "1"]
[SourceVersionDate "2021.10.06"]
[SourceQuality "1"]

1. e4 c5 2. Nf3 d6 3. Bb5+ Nd7 4. O-O a6 5. Bd3 e6 6. c3 Ne5 7. Bc2 Qf6 8. Nxe5 dxe5 9. a4 b6 10. Na3 Bd6 11. Nc4 Bc7 12. b4 cxb4 13. cxb4 Ne7 14. Bb2 Ng6 15. g3 Qd8 16. d4 exd4 17. Qxd4 e5 18. Qxd8+ Kxd8 19. Rfd1+ Ke7 20. Ne3 Be6 21. Nf5+ Kf6 22. f4 Rhd8 23. Ne3 b5 24. a5 Bc4 25. f5 Ne7 26. Ng4+ Kg5 27. Nxe5 Bxe5 28. Bxe5 Nc6 29. Bxg7 Nxb4 30. Rxd8 Rxd8 31. Bd1 Rxd1+ 32. Rxd1 Nd3 33. Kg2 f6 34. h3 b4 35. Kf3 Ne5+ 36. Ke3 Ba2 37. h4+ Kh5 38. Kf4 Ng4 39. Rd8 Bf7 40. Rb8 h6 41. Bxh6 1-0

[Event "Hart House Holidays op"]
[Site "Toronto CAN"]
[Date "2014.12.21"]
[Round "4"]
[White "Sambuev, Bator"]
[Black "Krnan, Tomas"]
[Result "1/2-1/2"]
[WhiteElo "2659"]
[BlackElo "2542"]
[PlyCount "132"]
[GameId "2160767909001696"]
[EventDate "2014.12.19"]
[EventType "swiss"]
[EventRounds "5"]
[EventCountry "CAN"]
[SourceTitle "EXT 2022"]
[Source "ChessBase"]
[SourceDate "2021.10.06"]
[SourceVersion "1"]
[SourceVersionDate "2021.10.06"]
[SourceQuality "1"]

1. e4 e5 2. Nf3 Nc6 3. Bb5 a6 4. Bxc6 dxc6 5. Nc3 Bc5 6. d3 f6 7. Be3 Qe7 8. d4 Bb4 9. h3 Bd7 10. Qd3 exd4 11. Nxd4 c5 12. Nf5 Bxf5 13. exf5 Rd8 14. Qc4 b5 15. Qf4 Nh6 16. O-O Bxc3 17. bxc3 O-O 18. a4 Nf7 19. axb5 axb5 20. c4 bxc4 21. Qxc4 Qe5 22. Ra5 Rd5 23. Rxc5 Rxc5 24. Qxc5 Rd8 25. Rb1 Qxc5 26. Bxc5 h5 27. Be3 Nd6 28. Rd1 Kf7 29. Rd5 Ke7 30. Kh2 Ra8 31. g4 hxg4 32. hxg4 Ra4 33. Kh3 Kd7 34. Kh4 Ke7 35. Rc5 Ne8 36. Rc3 Kf7 37. Kg3 Ke7 38. Bf4 Kd7 39. Re3 Rc4 40. Re2 Ra4 41. f3 Rc4 42. Bc1 Nd6 43. Ba3 c5 44. Bb2 Rb4 45. Bc1 Rc4 46. Be3 Nb5 47. Kh4 Na3 48. Kh5 Rxc2 49. Re1 Rh2+ 50. Kg6 Nc2 51. Rd1+ Kc6 52. Bg1 Rh1 53. Kxg7 Nd4 54. Rxd4 cxd4 55. Bxd4 Rf1 56. Kxf6 Rxf3 57. Ke6 Rf4 58. f6 Rxd4 59. g5 Re4+ 60. Kf5 Re1 61. g6 Kd5 62. g7 Rf1+ 63. Kg6 Rg1+ 64. Kf7 Ke5 65. g8=Q Rxg8 66. Kxg8 Kxf6 1/2-1/2

[Event "Hart House Holidays op"]
[Site "Toronto CAN"]
[Date "2014.12.21"]
[Round "5"]
[White "Krnan, Tomas"]
[Black "Vavrak, Peter"]
[Result "1/2-1/2"]
[WhiteElo "2542"]
[BlackElo "2506"]
[PlyCount "23"]
[GameId "2160767909001702"]
[EventDate "2014.12.19"]
[EventType "swiss"]
[EventRounds "5"]
[EventCountry "CAN"]
[SourceTitle "EXT 2022"]
[Source "ChessBase"]
[SourceDate "2021.10.06"]
[SourceVersion "1"]
[SourceVersionDate "2021.10.06"]
[SourceQuality "1"]

1. e4 e6 2. d4 d5 3. Nc3 Bb4 4. exd5 exd5 5. Bd3 Nc6 6. a3 Bxc3+ 7. bxc3 Nge7 8. Qh5 Be6 9. Rb1 b6 10. Nf3 Qd7 11. Ng5 O-O-O 12. Nxe6 1/2-1/2

[Event "Hart House Holidays op"]
[Site "Toronto CAN"]
[Date "2011.12.17"]
[Round "3"]
[White "Krnan, Tomas"]
[Black "Sambuev, Bator"]
[Result "0-1"]
[WhiteElo "2417"]
[BlackElo "2522"]
[PlyCount "72"]
[GameId "2160767909573317"]
[EventDate "2011.12.16"]
[EventType "swiss"]
[EventRounds "5"]
[EventCountry "CAN"]

1. e4 e6 2. d4 d5 3. Nc3 Bb4 4. exd5 exd5 5. a3 Bxc3+ 6. bxc3 Ne7 7. Bd3 Bf5 8. Bf4 Nbc6 9. Nf3 Qd7 10. O-O O-O-O 11. Bb5 f6 12. Re1 Rde8 13. Bg3 g5 14. Nd2 h5 15. h4 Ng6 16. Rxe8+ Rxe8 17. Nb3 b6 18. Qf3 Bxc2 19. c4 gxh4 20. cxd5 Be4 21. dxc6 Qf7 22. Ba6+ Kd8 23. Bxc7+ Kxc7 24. Qh3 f5 25. Rc1 Qf6 26. Qh2+ f4 27. Nd2 Bd5 28. Qh3 Re6 29. Nf3 Ne7 30. Ne5 Nf5 31. Bc4 Bxc4 32. Rxc4 Rd6 33. Qf3 Nxd4 34. Qxh5 Qg7 35. Nf3 h3 36. Qxh3 Nxf3+ 0-1

[Event "Labour Day op"]
[Site "Toronto CAN"]
[Date "2011.09.03"]
[Round "1"]
[White "Krnan, Tomas"]
[Black "Nicholson, Matthew"]
[Result "1-0"]
[WhiteElo "2503"]
[BlackElo "2087"]
[PlyCount "83"]
[GameId "2160767909648911"]
[EventDate "2011.09.03"]
[EventType "swiss"]
[EventRounds "6"]
[EventCountry "CAN"]

1. e4 c5 2. Nf3 d6 3. d4 cxd4 4. Qxd4 Bd7 5. c4 Nc6 6. Qd2 g6 7. b3 Bg7 8. Bb2 Bxb2 9. Qxb2 Nf6 10. Nbd2 O-O 11. h3 Qa5 12. Bd3 Nh5 13. g3 Ng7 14. a3 Qb6 15. b4 e5 16. c5 dxc5 17. Nc4 Qc7 18. Ncxe5 Rfe8 19. Nxd7 Qxd7 20. Rd1 Rad8 21. Bc2 Rxe4+ 22. Kf1 Qxd1+ 23. Bxd1 Rxd1+ 24. Kg2 Rxh1 25. Kxh1 cxb4 26. Qb1 Re2 27. axb4 Rxf2 28. b5 Nd8 29. Ng5 Nde6 30. Ne4 Re2 31. Nf6+ Kh8 32. g4 Nd4 33. Qf1 Nge6 34. Nd5 f5 35. Nf4 Re4 36. Nxe6 Rxe6 37. Qc4 Re4 38. Qf7 h5 39. g5 Nf3 40. Qf8+ Kh7 41. Qh6+ Kg8 42. Qxg6+ 1-0

[Event "Labour Day op"]
[Site "Toronto CAN"]
[Date "2011.09.03"]
[Round "2"]
[White "Bluvshtein, Ilia"]
[Black "Krnan, Tomas"]
[Result "0-1"]
[WhiteElo "2228"]
[BlackElo "2503"]
[PlyCount "64"]
[GameId "2160767909648913"]
[EventDate "2011.09.03"]
[EventType "swiss"]
[EventRounds "6"]
[EventCountry "CAN"]

1. e4 d5 2. exd5 Nf6 3. Bb5+ Bd7 4. Be2 Nxd5 5. d4 Bf5 6. Nf3 e6 7. O-O Be7 8. a3 O-O 9. c4 Nb6 10. Nc3 Nc6 11. Be3 Bf6 12. Qb3 Nxd4 13. Nxd4 Bxd4 14. c5 Bxe3 15. fxe3 Nd7 16. Qb5 Ne5 17. c6 Nxc6 18. Qxb7 Na5 19. Qa6 Nb3 20. Rad1 Qg5 21. e4 Bg6 22. Qa4 Qe3+ 23. Rf2 Nd2 24. Bd3 Rad8 25. Bc2 Bh5 26. Ra1 Rb8 27. Nb5 Qg5 28. Bd3 Nf3+ 29. Kh1 Ne5 30. Bf1 Ng4 31. Rc2 Qe5 32. g3 Ne3 0-1

[Event "CAN-op (Pinnacle 48th CAN Op Ch)"]
[Site "Toronto CAN"]
[Date "2011.07.09"]
[Round "1"]
[White "Florea, Alexandru"]
[Black "Krnan, Tomas"]
[Result "0-1"]
[WhiteElo "1930"]
[BlackElo "2390"]
[PlyCount "84"]
[GameId "2160767909706946"]
[EventDate "2011.07.09"]
[EventType "swiss"]
[EventRounds "9"]
[EventCountry "CAN"]
[SourceTitle "CBM 143 Extra"]
[Source "ChessBase"]
[SourceDate "2011.08.29"]
[SourceVersion "1"]
[SourceVersionDate "2011.08.29"]
[SourceQuality "1"]

1. e4 d5 2. exd5 Nf6 3. Nf3 Nxd5 4. d4 g6 5. Be2 Bg7 6. O-O O-O 7. c4 Nb6 8. Be3 Nc6 9. Nc3 Bg4 10. d5 Bxf3 11. Bxf3 Ne5 12. Bxb6 axb6 13. Be2 Re8 14. f4 Nd7 15. Qc2 Nc5 16. f5 Qd6 17. fxg6 hxg6 18. Bf3 Na6 19. Nb5 Qc5+ 20. Kh1 c6 21. dxc6 bxc6 22. Nc3 Qxc4 23. Qf2 Rf8 24. Qxb6 Rab8 25. Qxc6 Qxc6 26. Bxc6 Rxb2 27. Nd5 e6 28. Ne7+ Kh7 29. a4 Nc5 30. Ra3 Bf6 31. Nd5 exd5 32. Bxd5 Rd2 33. Bc4 Bd4 34. a5 Ne4 35. h3 Bc5 36. Raf3 f5 37. Rb1 Rfd8 38. a6 Rd1+ 39. Rxd1 Rxd1+ 40. Kh2 Bg1+ 41. Kh1 Bf2+ 42. Kh2 f4 0-1

[Event "CAN-op (Pinnacle 48th CAN Op Ch)"]
[Site "Toronto CAN"]
[Date "2011.07.10"]
[Round "2"]
[White "Krnan, Tomas"]
[Black "Kagramanov, Dina"]
[Result "1-0"]
[WhiteElo "2390"]
[BlackElo "2100"]
[PlyCount "61"]
[GameId "2160767909707033"]
[EventDate "2011.07.09"]
[EventType "swiss"]
[EventRounds "9"]
[EventCountry "CAN"]
[SourceTitle "CBM 143 Extra"]
[Source "ChessBase"]
[SourceDate "2011.08.29"]
[SourceVersion "1"]
[SourceVersionDate "2011.08.29"]
[SourceQuality "1"]

1. e4 c5 2. Nf3 e6 3. d4 cxd4 4. Nxd4 a6 5. Nc3 b5 6. Bd3 Qc7 7. O-O Nf6 8. Re1 Bc5 9. Nb3 Bb4 10. e5 Bxc3 11. bxc3 Nd5 12. Qg4 g6 13. c4 bxc4 14. Bxc4 h5 15. Qd4 Nc6 16. Qc5 Ndb4 17. Re2 a5 18. c3 Na6 19. Qe3 a4 20. Nd2 Na5 21. Bb5 Bb7 22. Ba3 Bc6 23. c4 Qa7 24. Qc3 Bxb5 25. cxb5 Nc7 26. Rc1 Kd8 27. Qb4 Nd5 28. Qh4+ Ke8 29. Ne4 Nb7 30. Nf6+ Nxf6 31. Qxf6 1-0

[Event "CAN-op (Pinnacle 48th CAN Op Ch)"]
[Site "Toronto CAN"]
[Date "2011.07.11"]
[Round "3"]
[White "Gerzhoy, Leonid"]
[Black "Krnan, Tomas"]
[Result "1-0"]
[WhiteElo "2483"]
[BlackElo "2390"]
[PlyCount "107"]
[GameId "2160767909707087"]
[EventDate "2011.07.09"]
[EventType "swiss"]
[EventRounds "9"]
[EventCountry "CAN"]
[SourceTitle "CBM 143 Extra"]
[Source "ChessBase"]
[SourceDate "2011.08.29"]
[SourceVersion "1"]
[SourceVersionDate "2011.08.29"]
[SourceQuality "1"]

1. Nf3 Nf6 2. c4 d6 3. d4 g6 4. Nc3 Bg7 5. e4 O-O 6. Be2 e5 7. O-O Nbd7 8. Qc2 Nh5 9. Rd1 Nf4 10. Bf1 c6 11. Be3 Qe7 12. g3 Nh5 13. Bg2 f5 14. exf5 gxf5 15. c5 dxc5 16. Qb3+ Kh8 17. Bg5 Qe8 18. dxe5 h6 19. Bh4 c4 20. Qxc4 Nxe5 21. Nxe5 Qxe5 22. Re1 Qd4 23. Qxd4 Bxd4 24. Rad1 Bf6 25. Bxf6+ Nxf6 26. Re7 f4 27. Rd6 Ng8 28. Rc7 f3 29. Bxf3 Rxf3 30. Rd8 Rf5 31. Rcxc8 Rxc8 32. Rxc8 Rf7 33. Ne4 Kg7 34. Rb8 b6 35. Rd8 Re7 36. f3 c5 37. Kf2 Rc7 38. Nd6 Nf6 39. g4 Rd7 40. Rxd7+ Nxd7 41. f4 a6 42. Kf3 Nf6 43. h4 Nd5 44. Ke4 Nf6+ 45. Kf5 Nd5 46. g5 Ne3+ 47. Ke6 Ng2 48. f5 Nxh4 49. f6+ Kh7 50. gxh6 Ng6 51. Nf5 Nf4+ 52. Ke5 Nd3+ 53. Kd6 Kg6 54. h7 1-0

[Event "CAN-op (Pinnacle 48th CAN Op Ch)"]
[Site "Toronto CAN"]
[Date "2011.07.12"]
[Round "4"]
[White "Krnan, Tomas"]
[Black "Sohal, Tanraj"]
[Result "1-0"]
[WhiteElo "2390"]
[BlackElo "2032"]
[PlyCount "93"]
[GameId "2160767909707172"]
[EventDate "2011.07.09"]
[EventType "swiss"]
[EventRounds "9"]
[EventCountry "CAN"]
[SourceTitle "CBM 143 Extra"]
[Source "ChessBase"]
[SourceDate "2011.08.29"]
[SourceVersion "1"]
[SourceVersionDate "2011.08.29"]
[SourceQuality "1"]

1. e4 c5 2. Nf3 Nc6 3. d4 cxd4 4. Nxd4 Nf6 5. Nc3 e5 6. Ndb5 d6 7. Bg5 a6 8. Na3 Be6 9. Nc4 Rc8 10. Bxf6 Qxf6 11. Nb6 Rb8 12. Ncd5 Qg6 13. Qd3 Be7 14. Nc7+ Kd8 15. Ncd5 f5 16. f3 fxe4 17. fxe4 Qg4 18. c3 Rf8 19. Be2 Qh4+ 20. g3 Qh6 21. h4 Rf7 22. Rd1 Bf8 23. g4 g5 24. h5 Bxd5 25. Nxd5 Qe6 26. Qe3 h6 27. Qb6+ Kc8 28. Rf1 Rxf1+ 29. Kxf1 Qd7 30. Kg2 Qd8 31. Qf2 Ne7 32. Nb6+ Kc7 33. a4 Qe8 34. Nc4 Nc6 35. Qb6+ Kd7 36. b4 Qd8 37. b5 Qxb6 38. Nxb6+ Kc7 39. Nd5+ Kd7 40. bxc6+ bxc6 41. Ne3 Rb2 42. Kf3 Ra2 43. Rb1 Rxa4 44. Rb7+ Ke8 45. Rb8+ Kf7 46. Bc4+ Kg7 47. Nf5+ 1-0

[Event "CAN-op (Pinnacle 48th CAN Op Ch)"]
[Site "Toronto CAN"]
[Date "2011.07.13"]
[Round "5"]
[White "Henry, Liam"]
[Black "Krnan, Tomas"]
[Result "0-1"]
[WhiteElo "2150"]
[BlackElo "2390"]
[PlyCount "48"]
[GameId "2160767909707243"]
[EventDate "2011.07.09"]
[EventType "swiss"]
[EventRounds "9"]
[EventCountry "CAN"]
[SourceTitle "CBM 143 Extra"]
[Source "ChessBase"]
[SourceDate "2011.08.29"]
[SourceVersion "1"]
[SourceVersionDate "2011.08.29"]
[SourceQuality "1"]

1. e4 e5 2. Nf3 Nc6 3. Bb5 a6 4. Bxc6 dxc6 5. d4 exd4 6. Qxd4 Qxd4 7. Nxd4 Bd7 8. Nc3 O-O-O 9. Be3 Bb4 10. Nde2 f5 11. O-O-O Nf6 12. exf5 Bxf5 13. a3 Bd6 14. f3 Rhe8 15. Bf4 Nd5 16. Bd2 Nb6 17. Ng3 Bg6 18. Nge4 Be5 19. Kb1 Nc4 20. Bc1 Rxd1 21. Rxd1 Bxh2 22. Rh1 Be5 23. Rh3 Bxc3 24. Nxc3 Re1 0-1

[Event "CAN-op (Pinnacle 48th CAN Op Ch)"]
[Site "Toronto CAN"]
[Date "2011.07.15"]
[Round "7"]
[White "Krnan, Tomas"]
[Black "Bluvshtein, Mark"]
[Result "0-1"]
[WhiteElo "2390"]
[BlackElo "2611"]
[PlyCount "96"]
[GameId "2160767909707398"]
[EventDate "2011.07.09"]
[EventType "swiss"]
[EventRounds "9"]
[EventCountry "CAN"]
[SourceTitle "CBM 143 Extra"]
[Source "ChessBase"]
[SourceDate "2011.08.29"]
[SourceVersion "1"]
[SourceVersionDate "2011.08.29"]
[SourceQuality "1"]

1. e4 e5 2. Nf3 Nc6 3. Bc4 Bc5 4. O-O Nf6 5. d3 a6 6. a4 d6 7. h3 Be6 8. Bxe6 fxe6 9. c3 O-O 10. Re1 d5 11. Nbd2 Bb6 12. b4 d4 13. cxd4 Bxd4 14. Nxd4 Qxd4 15. Nb3 Qd6 16. Be3 b6 17. b5 axb5 18. axb5 Na7 19. d4 Nxb5 20. Qd3 Rxa1 21. Rxa1 Nxd4 22. Bxd4 exd4 23. Qxd4 Qxd4 24. Nxd4 c5 25. Nc6 Nxe4 26. Rb1 c4 27. Rxb6 Nxf2 28. Rb4 c3 29. Rc4 Nd1 30. Nd4 Rd8 31. Nxe6 Rd2 32. Rc8+ Kf7 33. Ng5+ Ke7 34. Ne4 Rc2 35. Rc7+ Kf8 36. Rc8+ Kf7 37. Rc7+ Kg6 38. g4 Rc1 39. Kh2 c2 40. Rc6+ Kf7 41. Kg2 Ne3+ 42. Kf2 Rf1+ 43. Kxe3 c1=Q+ 44. Rxc1 Rxc1 45. Kf3 h6 46. Nd6+ Kf6 47. Ne8+ Kg6 48. h4 Rc6 0-1

[Event "CAN-op (Pinnacle 48th CAN Op Ch)"]
[Site "Toronto CAN"]
[Date "2011.07.17"]
[Round "9"]
[White "Shabalov, Alexander"]
[Black "Krnan, Tomas"]
[Result "1/2-1/2"]
[WhiteElo "2577"]
[BlackElo "2390"]
[PlyCount "131"]
[GameId "2160767909707565"]
[EventDate "2011.07.09"]
[EventType "swiss"]
[EventRounds "9"]
[EventCountry "CAN"]
[SourceTitle "CBM 143 Extra"]
[Source "ChessBase"]
[SourceDate "2011.08.29"]
[SourceVersion "1"]
[SourceVersionDate "2011.08.29"]
[SourceQuality "1"]

1. e4 e5 2. Nf3 Nc6 3. Bb5 a6 4. Ba4 Nf6 5. O-O Be7 6. Re1 b5 7. Bb3 d6 8. c3 O-O 9. h3 Na5 10. Bc2 c5 11. d4 Qc7 12. d5 Nc4 13. b3 Nb6 14. a4 Bd7 15. a5 Nc8 16. Nbd2 g6 17. Nf1 Nh5 18. Bh6 Ng7 19. Ng3 f6 20. Nh2 Rf7 21. f4 c4 22. Qd2 cxb3 23. Bxb3 Na7 24. Rf1 Rc8 25. Rf3 exf4 26. Bxf4 f5 27. Re1 fxe4 28. Nxe4 Rcf8 29. Ng5 Bxg5 30. Bxg5 Qxa5 31. Rxf7 Rxf7 32. Nf3 Qa3 33. Ba2 b4 34. cxb4 Nf5 35. Bf4 Nb5 36. Bc4 Rf8 37. Ne5 Be8 38. Ng4 Bd7 39. Bg5 Rc8 40. Nf6+ Kf7 41. Nxd7 Rxc4 42. Qe2 Rc8 43. Bf6 Nc7 44. Qc2 Re8 45. Rxe8 Nxe8 46. Bc3 Nc7 47. Qd2 Nb5 48. Bb2 Qe3+ 49. Qf2 Qxf2+ 50. Kxf2 Nc7 51. Nf6 Ne7 52. Nxh7 Nexd5 53. Ng5+ Ke7 54. g4 Nxb4 55. Ke2 Ne6 56. Nxe6 Kxe6 57. h4 Nd5 58. Kf3 a5 59. h5 gxh5 60. gxh5 Kf5 61. h6 Kg6 62. Ke4 Nb4 63. Kd4 d5 64. Bc1 a4 65. Bd2 a3 66. Bxb4 1/2-1/2

[Event "Kitchener"]
[Site "Kitchener CAN"]
[Date "2010.07.30"]
[Round "1"]
[White "Krnan, Tomas"]
[Black "Egorov, Mikhail"]
[Result "1-0"]
[WhiteElo "2476"]
[BlackElo "2220"]
[PlyCount "53"]
[GameId "2160767909914849"]
[EventDate "2010.07.30"]
[EventType "swiss"]
[EventRounds "7"]
[EventCountry "CAN"]
[SourceTitle "EXT 2022"]
[Source "ChessBase"]
[SourceDate "2021.10.06"]
[SourceVersion "1"]
[SourceVersionDate "2021.10.06"]
[SourceQuality "1"]

1. e4 d5 2. exd5 Qxd5 3. Nc3 Qd6 4. d4 Nf6 5. Nf3 c6 6. h3 Bf5 7. Bc4 e6 8. Qe2 Nbd7 9. Bg5 Qc7 10. Ne5 Nxe5 11. dxe5 Nd7 12. g4 Bg6 13. f4 Nb6 14. Bb3 Be7 15. Bxe7 Qxe7 16. O-O-O O-O 17. h4 h6 18. Rdf1 Nd5 19. Nxd5 cxd5 20. f5 Bh7 21. f6 Qb4 22. fxg7 Kxg7 23. Qf2 a5 24. Qf6+ Kg8 25. h5 Qe4 26. Re1 Qd4 27. g5 1-0

[Event "Kitchener"]
[Site "Kitchener CAN"]
[Date "2010.07.31"]
[Round "2"]
[White "Jung, Hans"]
[Black "Krnan, Tomas"]
[Result "0-1"]
[WhiteElo "2132"]
[BlackElo "2408"]
[PlyCount "96"]
[GameId "2160767909914852"]
[EventDate "2010.07.30"]
[EventType "swiss"]
[EventRounds "7"]
[EventCountry "CAN"]
[SourceTitle "EXT 2022"]
[Source "ChessBase"]
[SourceDate "2021.10.06"]
[SourceVersion "1"]
[SourceVersionDate "2021.10.06"]
[SourceQuality "1"]

1. Nc3 d5 2. e4 d4 3. Nce2 e5 4. Ng3 Be6 5. Nf3 Bd6 6. Nh5 Kf8 7. Ng3 c5 8. d3 f6 9. h4 h5 10. Ng1 g6 11. N3e2 Qc7 12. g3 Nc6 13. Bg2 Rd8 14. Nh3 Nh6 15. O-O Qc8 16. Bxh6+ Rxh6 17. Kh2 Kg7 18. b3 b5 19. a4 a6 20. axb5 axb5 21. f4 Bg4 22. Qd2 exf4 23. Nexf4 Qb8 24. Qf2 Rf8 25. Nd5 g5 26. hxg5 fxg5 27. Qd2 Bxg3+ 28. Kh1 Bxh3 29. Bxh3 g4 30. Rxf8 Qxf8 31. Rf1 Qd6 32. Bg2 Rg6 33. c4 b4 34. e5 Nxe5 35. Be4 Nf3 36. Qa2 Qd8 37. Qa7+ Kh8 38. Kg2 Qh4 39. Rh1 Nh2 40. Qf7 Bd6 41. Nf4 Bxf4 42. Qf8+ Rg8 43. Qxf4 Qh3+ 44. Kg1 Nf3+ 45. Kf2 g3+ 46. Kxf3 Qxh1+ 47. Ke2 Qh2+ 48. Kd1 Qg1+ 0-1

[Event "Kitchener"]
[Site "Kitchener CAN"]
[Date "2010.07.31"]
[Round "3"]
[White "Krnan, Tomas"]
[Black "Chung, Kevin"]
[Result "1/2-1/2"]
[WhiteElo "2476"]
[BlackElo "2297"]
[PlyCount "49"]
[GameId "2160767909914859"]
[EventDate "2010.07.30"]
[EventType "swiss"]
[EventRounds "7"]
[EventCountry "CAN"]
[SourceTitle "EXT 2022"]
[Source "ChessBase"]
[SourceDate "2021.10.06"]
[SourceVersion "1"]
[SourceVersionDate "2021.10.06"]
[SourceQuality "1"]

1. e4 e6 2. d4 d5 3. Nc3 Bb4 4. exd5 exd5 5. Bd3 c6 6. a3 Bd6 7. Qf3 Qf6 8. Qxf6 Nxf6 9. Bg5 Nbd7 10. O-O-O O-O 11. f3 a5 12. Nge2 b5 13. Ng3 Re8 14. Nf5 Bf8 15. Rhe1 Bb7 16. Bf4 Rxe1 17. Rxe1 Re8 18. Rd1 Ra8 19. g4 b4 20. Nb1 c5 21. Bb5 cxd4 22. Rxd4 Nc5 23. Bd6 Rc8 24. Kd1 Ne6 25. Rd3 1/2-1/2

[Event "Kitchener"]
[Site "Kitchener CAN"]
[Date "2010.08.01"]
[Round "4"]
[White "Henry, Liam"]
[Black "Krnan, Tomas"]
[Result "0-1"]
[WhiteElo "2288"]
[BlackElo "2476"]
[PlyCount "82"]
[GameId "2160767909914864"]
[EventDate "2010.07.30"]
[EventType "swiss"]
[EventRounds "7"]
[EventCountry "CAN"]
[SourceTitle "EXT 2022"]
[Source "ChessBase"]
[SourceDate "2021.10.06"]
[SourceVersion "1"]
[SourceVersionDate "2021.10.06"]
[SourceQuality "1"]

1. e4 d5 2. exd5 Nf6 3. Bb5+ Bd7 4. Be2 Nxd5 5. d4 Bf5 6. a3 e6 7. Nf3 Be7 8. O-O O-O 9. c4 Nb6 10. Nc3 Nc6 11. h3 Bf6 12. Be3 h6 13. b4 Re8 14. Ra2 Qe7 15. Qb3 Red8 16. Rd2 a5 17. b5 a4 18. Qa2 Na5 19. c5 Nd5 20. Nxa4 Be4 21. Rc1 Nxe3 22. fxe3 Bd5 23. Qb2 Nb3 24. Nc3 Nxd2 25. Qxd2 Bg5 26. h4 Bxf3 27. Bxf3 Bxh4 28. Bxb7 Rxa3 29. Qb2 Ra7 30. Bf3 Qg5 31. Nd1 Qg3 32. Nc3 Bg5 33. Qd2 Ra3 34. Ne4 Qh4 35. Nxg5 Qxg5 36. Rc3 Ra1+ 37. Kf2 Qh4+ 38. g3 Qh2+ 39. Bg2 Rg1 40. Kf3 Rd5 41. g4 h5 0-1

[Event "Kitchener"]
[Site "Kitchener CAN"]
[Date "2010.08.01"]
[Round "5"]
[White "Kleinman, Michael"]
[Black "Krnan, Tomas"]
[Result "1-0"]
[WhiteElo "2248"]
[BlackElo "2476"]
[PlyCount "55"]
[GameId "2160767909914869"]
[EventDate "2010.07.30"]
[EventType "swiss"]
[EventRounds "7"]
[EventCountry "CAN"]
[SourceTitle "EXT 2022"]
[Source "ChessBase"]
[SourceDate "2021.10.06"]
[SourceVersion "1"]
[SourceVersionDate "2021.10.06"]
[SourceQuality "1"]

1. e4 d5 2. exd5 Nf6 3. d4 Nxd5 4. Nf3 g6 5. h3 Bg7 6. Be2 O-O 7. c4 Nb6 8. Nc3 Nc6 9. Be3 e5 10. d5 Ne7 11. g4 f5 12. Qb3 e4 13. Ng5 h6 14. O-O-O hxg5 15. c5 Bxc3 16. d6+ Ned5 17. dxc7 Bxb2+ 18. Kxb2 Qf6+ 19. Bd4 Qf7 20. cxb6 Nxb6 21. h4 Qxb3+ 22. axb3 fxg4 23. hxg5 Bf5 24. Rh8+ Kf7 25. Rh7+ Ke6 26. Bc5 Rfe8 27. Bb5 e3 28. Bxe8 1-0

[Event "Kitchener"]
[Site "Kitchener CAN"]
[Date "2010.08.02"]
[Round "6"]
[White "Krnan, Tomas"]
[Black "Whissell, Mavros"]
[Result "1-0"]
[WhiteElo "2476"]
[BlackElo "2085"]
[PlyCount "59"]
[GameId "2160767909914874"]
[EventDate "2010.07.30"]
[EventType "swiss"]
[EventRounds "7"]
[EventCountry "CAN"]
[SourceTitle "EXT 2022"]
[Source "ChessBase"]
[SourceDate "2021.10.06"]
[SourceVersion "1"]
[SourceVersionDate "2021.10.06"]
[SourceQuality "1"]

1. e4 e5 2. Nf3 Nc6 3. Bb5 a6 4. Ba4 Nf6 5. O-O Be7 6. Re1 b5 7. Bb3 d6 8. c3 O-O 9. h3 Nb8 10. d4 Nbd7 11. Nbd2 Bb7 12. Bc2 Re8 13. Nf1 Bf8 14. Ng3 g6 15. a4 c6 16. Bg5 Bg7 17. Qc1 Qe7 18. Nh2 Nf8 19. f4 Ne6 20. fxe5 dxe5 21. Bh4 Qc7 22. dxe5 Qxe5 23. Rf1 Nh5 24. Nxh5 Qxh5 25. Bf6 Bh6 26. Qe1 Qc5+ 27. Kh1 Bf8 28. Ng4 h5 29. b4 Qb6 30. Qh4 1-0

[Event "Kitchener"]
[Site "Kitchener CAN"]
[Date "2010.08.02"]
[Round "7"]
[White "Krnan, Tomas"]
[Black "Demmery, Steve"]
[Result "1/2-1/2"]
[WhiteElo "2476"]
[BlackElo "2230"]
[PlyCount "56"]
[GameId "2160767909914878"]
[EventDate "2010.07.30"]
[EventType "swiss"]
[EventRounds "7"]
[EventCountry "CAN"]
[SourceTitle "EXT 2022"]
[Source "ChessBase"]
[SourceDate "2021.10.06"]
[SourceVersion "1"]
[SourceVersionDate "2021.10.06"]
[SourceQuality "1"]

1. e4 d6 2. d4 Nf6 3. Nc3 c6 4. Nf3 Bg4 5. h3 Bh5 6. Bd3 e6 7. Be3 Be7 8. Qe2 d5 9. e5 Nfd7 10. g4 Bg6 11. Bxg6 hxg6 12. O-O-O b5 13. h4 Nb6 14. h5 gxh5 15. gxh5 b4 16. Nb1 Nc4 17. Nfd2 Nxe3 18. Qxe3 c5 19. dxc5 Na6 20. Rdg1 Bf8 21. Nb3 Rc8 22. c6 Rxc6 23. Nd4 Bc5 24. Rxg7 Qc7 25. c3 bxc3 26. bxc3 Bxd4 27. Qxd4 Rc4 28. Qe3 Nb4 1/2-1/2